|
|
|
|
| LEADER |
01635nam a2200445 a 4500 |
| 001 |
EBC345448 |
| 003 |
MiAaPQ |
| 005 |
20200520144314.0 |
| 006 |
m o d | |
| 007 |
cr cn||||||||| |
| 008 |
750612s1975 mnua sb 001 0 eng d |
| 010 |
|
|
|z 74081752
|
| 020 |
|
|
|z 0816607281
|
| 020 |
|
|
|z 9780816607280
|
| 020 |
|
|
|z 9780816663354
|
| 035 |
|
|
|a (MiAaPQ)EBC345448
|
| 035 |
|
|
|a (Au-PeEL)EBL345448
|
| 035 |
|
|
|a (CaPaEBR)ebr10231104
|
| 035 |
|
|
|a (CaONFJC)MIL525790
|
| 035 |
|
|
|a (OCoLC)476161965
|
| 040 |
|
|
|a MiAaPQ
|c MiAaPQ
|d MiAaPQ
|
| 043 |
|
|
|a a-ii---
|
| 050 |
|
4 |
|a HD9710.3.I52
|b K78 1975
|
| 082 |
0 |
4 |
|a 338.4/7/6292
|
| 100 |
1 |
|
|a Krueger, Anne O.
|
| 245 |
1 |
4 |
|a The benefits and costs of import substitution in India
|h [electronic resource] :
|b a microeconomic study /
|c Anne O. Krueger.
|
| 246 |
1 |
8 |
|a Import substitution in India
|
| 260 |
|
|
|a Minneapolis :
|b University of Minnesota Press,
|c [1975]
|
| 300 |
|
|
|a xi, 140 p. :
|b ill.
|
| 500 |
|
|
|a On spine: Import substitution in India.
|
| 504 |
|
|
|a Includes bibliographical references and index.
|
| 533 |
|
|
|a Electronic reproduction. Ann Arbor, MI : ProQuest, 2015. Available via World Wide Web. Access may be limited to ProQuest affiliated libraries.
|
| 650 |
|
0 |
|a Automobile supplies industry
|z India.
|
| 650 |
|
0 |
|a Automobile industry and trade
|z India.
|
| 650 |
|
0 |
|a Foreign trade regulation
|z India.
|
| 650 |
|
0 |
|a Industries
|z India.
|
| 650 |
|
0 |
|a Import substitution
|z India.
|
| 655 |
|
4 |
|a Electronic books.
|
| 710 |
2 |
|
|a ProQuest (Firm)
|
| 856 |
4 |
0 |
|u https://ebookcentral.proquest.com/lib/matrademy/detail.action?docID=345448
|z Click to View
|